[Event "17th European Team Championship (Women)"]
[Site "Novi Sad SRB"]
[Date "2009.10.26"]
[EventDate "2009.10.22"]
[Round "5"]
[Result "1/2-1/2"]
[White "Elena Luminita Radu Cosma"]
[Black "Anna Muzychuk"]
[WhiteElo "2331"]
[BlackElo "2533"]
[PlyCount "62"]

1. d4 f5 2. g3 Nf6 3. Bg2 g6 4. c4 Bg7 5. Nc3 d6 6. d5 c6
7. Nh3 e5 8. dxe6 Bxe6 9. Qb3 Qc7 10. Ng5 Bg8 11. Bf4 Nbd7
12. Rd1 Bf8 13. Qa3 Ne5 14. c5 dxc5 15. Nf3 Nxf3+ 16. Bxf3 Qe7
17. O-O Be6 18. e4 c4 19. Bd6 Qf7 20. exf5 gxf5 21. Rfe1 O-O-O
22. Bxf8 Rhxf8 23. Qxa7 Rxd1 24. Rxd1 Qc7 25. Qa8+ Qb8 26. Qa3
Re8 27. Qc5 Nd7 28. Qe3 Qe5 29. Qa7 Qb8 30. Qe3 Qe5 31. Qa7
Qb8 1/2-1/2

[Event "17th European Team Championship (Women)"]
[Site "Novi Sad SRB"]
[Date "2009.10.29"]
[EventDate "2009.10.22"]
[Round "8"]
[Result "1-0"]
[White "Anna Muzychuk"]
[Black "Angela Borsuk"]
[WhiteElo "2533"]
[BlackElo "2351"]
[PlyCount "63"]

1. e4 d6 2. f4 Nf6 3. d3 e5 4. Nf3 Nc6 5. Nc3 Be7 6. g3 O-O
7. Bg2 Nd4 8. Nxd4 exd4 9. Ne2 c5 10. h3 Rb8 11. O-O b5 12. g4
Ne8 13. c3 dxc3 14. bxc3 b4 15. g5 f5 16. c4 Nc7 17. Bb2 Be6
18. Ng3 Qd7 19. exf5 Bxf5 20. Nxf5 Qxf5 21. Qh5 g6 22. Qh6 Rf7
23. Be4 Bf8 24. Qh4 Qe6 25. Rae1 Bg7 26. Bxg7 Kxg7 27. Bd5 Qf5
28. Bxf7 Qxf7 29. f5 gxf5 30. Qh6+ Kg8 31. Qxd6 Qg7 32. Re7
1-0

[Event "17th European Team Championship (Women)"]
[Site "Novi Sad SRB"]
[Date "2009.10.30"]
[EventDate "2009.10.22"]
[Round "9"]
[Result "1-0"]
[White "Anna Muzychuk"]
[Black "Zeinab Mamedjarova"]
[WhiteElo "2533"]
[BlackElo "2285"]
[PlyCount "97"]

1. c4 c5 2. Nf3 Nc6 3. d4 cxd4 4. Nxd4 g6 5. e4 Bg7 6. Be3 Nf6
7. Nc3 Ng4 8. Qxg4 Nxd4 9. Qd1 Nc6 10. Rc1 d6 11. Be2 O-O
12. O-O Be6 13. Qd2 Qd7 14. f4 f5 15. exf5 Bxf5 16. b3 Rad8
17. Bf3 Kh8 18. Nb5 a6 19. Nd4 Nxd4 20. Bxd4 e5 21. Bb6 Bh6
22. Bd5 Rde8 23. Rce1 Be6 24. Be3 Bxd5 25. Qxd5 Bxf4 26. Rxf4
Rxf4 27. Bxf4 exf4 28. Qd4+ Kg8 29. Rf1 Rf8 30. Rxf4 Rxf4
31. Qxf4 Qe6 32. h3 h5 33. Kh2 Kh7 34. b4 Qe7 35. a4 Qe6
36. Qd4 Kh6 37. a5 Kh7 38. b5 axb5 39. cxb5 Qf5 40. Qb2 h4
41. a6 bxa6 42. bxa6 Qf4+ 43. Kg1 Qa4 44. Qe2 Qd4+ 45. Kh1 Kh6
46. Qe1 Kg5 47. Qa5+ Kh6 48. a7 Qf2 49. Qa1 1-0

[Event "Snezenky a Machri"]
[Site "Marianske Lazne"]
[Date "2009.11.28"]
[EventDate "2009.??.??"]
[Round "1.3"]
[Result "1/2-1/2"]
[White "Vlastimil Hort"]
[Black "Anna Muzychuk"]
[WhiteElo "2494"]
[BlackElo "2532"]
[PlyCount "59"]

1. Nf3 f5 2. b3 d6 3. d4 Nf6 4. Bb2 g6 5. g3 Bg7 6. Bg2 O-O
7. O-O Ne4 8. c4 Nc6 9. Nbd2 Nxd2 10. Qxd2 e5 11. dxe5 dxe5
12. Qd5+ Kh8 13. Qxd8 Rxd8 14. Rfd1 e4 15. Rxd8+ Nxd8
16. Bxg7+ Kxg7 17. Nd4 Ne6 18. Rd1 Kf6 19. f3 exf3 20. exf3
Nxd4 21. Rxd4 Be6 22. f4 Rb8 23. Kf2 c5 24. Rd2 b6 25. Bc6 Rc8
26. Bf3 Rc7 27. Ke3 Rd7 28. Rxd7 Bxd7 29. Bd5 Be6 30. Bxe6
1/2-1/2

[Event "Snezenky a Machri"]
[Site "Marianske Lazne"]
[Date "2009.11.29"]
[EventDate "2009.??.??"]
[Round "2.1"]
[Result "1/2-1/2"]
[White "Anna Muzychuk"]
[Black "Jan Timman"]
[WhiteElo "2532"]
[BlackElo "2591"]
[PlyCount "115"]

1. e4 e5 2. Nf3 Nc6 3. Bc4 Bc5 4. b4 Bxb4 5. c3 Ba5 6. d4 d6
7. Qb3 Qd7 8. dxe5 Bb6 9. Nbd2 Na5 10. Qc2 Nxc4 11. Nxc4 d5
12. exd5 Qxd5 13. Qa4+ Bd7 14. Nxb6 cxb6 15. Qd4 Qxd4 16. Nxd4
Rc8 17. Kd2 Ne7 18. Ba3 Nd5 19. Bd6 Nxc3 20. f3 Nd5 21. Rhc1
Bc6 22. a4 Kd7 23. g3 g5 24. Ra3 f6 25. Re1 fxe5 26. Bxe5 Rhf8
27. a5 bxa5 28. Rxa5 Ra8 29. Nxc6 bxc6 30. f4 gxf4 31. gxf4
Nxf4 32. Rea1 Ke6 33. Bd4 Nd5 34. Rxa7 Rxa7 35. Bxa7 Rf3
36. Rc1 Kd7 37. Bb8 Nf6 38. Rc4 Rf5 39. Bg3 c5 40. Ra4 Kc6
41. Rf4 Rxf4 42. Bxf4 c4 43. h3 Nd5 44. Be5 Kd7 45. Ke2 Ke6
46. Bb2 Kf5 47. Kf3 Nf4 48. h4 h5 49. Ke3 Ne6 50. Bh8 Kg4
51. Bf6 Nf4 52. Ke4 Ne2 53. Ke3 Kf5 54. Bg5 Ng1 55. Bd8 Kg4
56. Kd4 Nf3+ 57. Kxc4 Nxh4 58. Kd3 1/2-1/2

[Event "Snezenky a Machri"]
[Site "Marianske Lazne"]
[Date "2009.11.30"]
[EventDate "2009.??.??"]
[Round "3.4"]
[Result "0-1"]
[White "Viktor Korchnoi"]
[Black "Anna Muzychuk"]
[WhiteElo "2567"]
[BlackElo "2532"]
[PlyCount "58"]

1. d4 f5 2. Nh3 Nf6 3. Bg5 e6 4. e3 h6 5. Bxf6 Qxf6 6. Nf4 g5
7. Nd3 Bg7 8. h4 g4 9. g3 d6 10. Bg2 e5 11. c3 c6 12. a4 Be6
13. b4 Nd7 14. b5 Rc8 15. Na3 e4 16. Nf4 c5 17. O-O O-O 18. a5
Rfd8 19. Qa4 Qf7 20. Rfb1 d5 21. Bf1 c4 22. Rd1 Nf6 23. Nc2
Bf8 24. a6 b6 25. Ne1 Nh5 26. Neg2 Bd6 27. Re1 Kh7 28. Rab1
Rc7 29. Rb2 Qe8 0-1

[Event "Snezenky a Machri"]
[Site "Marianske Lazne"]
[Date "2009.12.02"]
[EventDate "2009.??.??"]
[Round "5.1"]
[Result "1/2-1/2"]
[White "Anna Muzychuk"]
[Black "Vlastimil Hort"]
[WhiteElo "2532"]
[BlackElo "2494"]
[PlyCount "74"]

1. e4 d6 2. Nc3 c5 3. Nf3 e5 4. Bc4 Nc6 5. d3 Be7 6. Nd2 Bg5
7. h4 Bxd2+ 8. Bxd2 Nf6 9. O-O a6 10. Bg5 h6 11. Bxf6 Qxf6
12. Nd5 Qd8 13. f4 Be6 14. Qh5 g6 15. Qf3 b5 16. Bb3 Nd4
17. Qf2 exf4 18. Nxf4 O-O 19. Bxe6 fxe6 20. Qg3 g5 21. c3 e5
22. cxd4 exf4 23. Qg4 cxd4 24. Qe6+ Kh7 25. Rac1 Ra7 26. Rc6
Rf6 27. Qd5 Re7 28. hxg5 Re5 29. Qxe5 dxe5 30. gxf6 Kg6
31. Rfc1 Qa5 32. f7+ Kxf7 33. Rxh6 Qd2 34. Rc7+ Kg8 35. Rxa6
Qe1+ 36. Kh2 Qg3+ 37. Kg1 Qe1+ 1/2-1/2

[Event "Snezenky a Machri"]
[Site "Marianske Lazne"]
[Date "2009.12.04"]
[EventDate "2009.??.??"]
[Round "7.4"]
[Result "1/2-1/2"]
[White "Anna Muzychuk"]
[Black "Viktor Korchnoi"]
[WhiteElo "2532"]
[BlackElo "2567"]
[PlyCount "118"]

1. e4 e6 2. d4 d5 3. exd5 exd5 4. Nf3 Nf6 5. Bd3 Bg4 6. O-O
Be7 7. Bf4 O-O 8. Nbd2 c5 9. dxc5 Bxc5 10. c3 Nc6 11. Qc2 Re8
12. Rfe1 Qb6 13. Bg3 Bh5 14. b4 Bf8 15. a4 a6 16. a5 Rxe1+
17. Rxe1 Qd8 18. Bh4 Bg6 19. Bxg6 hxg6 20. Nb3 Rc8 21. Qd3 Bd6
22. Bg3 Bf8 23. Ne5 Na7 24. Qe3 Nb5 25. Nxf7 Qe8 26. Qxe8 Rxe8
27. Rxe8 Nxe8 28. Nd8 Nxc3 29. Nxb7 Bxb4 30. Be5 Ne4 31. f3
Nd2 32. Nxd2 Bxd2 33. Kf2 Kf7 34. Ke2 Ke6 35. Bd4 Bb4 36. Bc5
Bc3 37. Kd3 Be5 38. Bb6 Bd6 39. g3 Kd7 40. Kd4 Nf6 41. Bd8 Bb4
42. Bxf6 gxf6 43. Kxd5 f5 44. Nc5+ Ke7 45. Nb3 Kd7 46. h3 Be1
47. g4 fxg4 48. hxg4 Bc3 49. Kc5 Kc7 50. f4 Be1 51. g5 Bg3
52. Nd4 Kd7 53. f5 gxf5 54. g6 Ke8 55. Nxf5 Bc7 56. g7 Kf7
57. Kb4 Kg8 58. Ka4 Bd8 59. Kb4 Bc7 1/2-1/2

[Event "European Club Cup (Women)"]
[Site "Plovdiv BUL"]
[Date "2010.10.22"]
[EventDate "?"]
[Round "6"]
[Result "1/2-1/2"]
[White "Lilit Mkrtchian"]
[Black "Anna Muzychuk"]
[WhiteElo "2484"]
[BlackElo "2535"]
[PlyCount "24"]

1. d4 f5 2. c4 Nf6 3. Nc3 d6 4. Bg5 Nbd7 5. Qc2 g6 6. O-O-O
Bg7 7. h4 c6 8. e3 Qa5 9. Be2 h6 10. Bxf6 Nxf6 11. h5 g5
12. Bd3 Bd7 1/2-1/2

[Event "Women's World Chess Championship"]
[Site "Antakya TUR"]
[Date "2010.12.08"]
[EventDate "2010.12.04"]
[Round "2.2"]
[Result "1/2-1/2"]
[White "Anna Muzychuk"]
[Black "Evgenija Ovod"]
[WhiteElo "2530"]
[BlackElo "2387"]
[PlyCount "200"]

1. e4 c6 2. d4 d5 3. Nc3 dxe4 4. Nxe4 Bf5 5. Ng3 Bg6 6. Nf3
Nd7 7. Bd3 e6 8. O-O Ngf6 9. Re1 Be7 10. c4 O-O 11. Bxg6 hxg6
12. Bf4 b5 13. b3 Nb6 14. Qe2 bxc4 15. bxc4 Qc8 16. Rac1 Qa6
17. Ne5 Ba3 18. Rc2 c5 19. dxc5 Bxc5 20. h4 Qa4 21. Bg5 Bd4
22. Nf3 Bc5 23. Ne5 Nbd7 24. Nxd7 Nxd7 25. Ne4 Rfc8 26. Nxc5
Rxc5 27. Rd1 Nb6 28. Rdc1 Rac8 29. Be3 Rxc4 30. Rxc4 Rxc4
31. Rxc4 Nxc4 32. Bxa7 Nd6 33. Bb8 Nf5 34. g3 Nd4 35. Qd3 Qxa2
36. Be5 Qa1+ 37. Kh2 Nf3+ 38. Qxf3 Qxe5 39. Qc6 Qf5 40. Qe8+
Kh7 41. Kg1 e5 42. Qe7 f6 43. Qe8 Qb1+ 44. Kg2 Qe4+ 45. Kg1
Qe2 46. Qe6 Qf3 47. Qe8 Qg4 48. Kg2 Qd1 49. Qe6 Qd3 50. Qe8
Qf5 51. Kg1 Qb1+ 52. Kg2 Qc1 53. Qe6 Qc7 54. Qe8 Qd6 55. Kg1
f5 56. Qb5 Qf6 57. Qd5 f4 58. gxf4 Qxf4 59. Qd8 Qf6 60. Qe8
Qd6 61. Kg2 Qd5+ 62. f3 Qd2+ 63. Kg3 Qe3 64. Kg2 Qf4 65. Qe7
g5 66. hxg5 Kg6 67. Qd6+ Kxg5 68. Qd8+ Qf6 69. Qd7 Qg6 70. Kf2
Qb6+ 71. Kg2 Kf6 72. Qd5 Qb2+ 73. Kg3 Qb6 74. Kg2 Qd4 75. Qc6+
Kg5 76. Qb7 Qd2+ 77. Kh3 Kh6 78. Qc6+ g6 79. Qf6 Qf4 80. Qe6
Kh5 81. Qg8 Qh4+ 82. Kg2 Qg5+ 83. Kh3 Qf6 84. Kg3 g5 85. Qe8+
Kh6 86. Kg2 g4 87. fxg4 Kg5 88. Qh5+ Kf4 89. Qf5+ Qxf5
90. gxf5 Kxf5 91. Kf3 e4+ 92. Ke3 Ke5 93. Ke2 Kd4 94. Kd2 e3+
95. Ke2 Ke4 96. Ke1 Kf4 97. Ke2 Ke4 98. Ke1 Kd3 99. Kd1 e2+
100. Ke1 Ke3 1/2-1/2

[Event "Tradewise Gibraltar"]
[Site "Catalan Bay GIB"]
[Date "2012.01.24"]
[EventDate "2012.01.24"]
[Round "1.31"]
[Result "0-1"]
[White "Rafael Montero Melendez"]
[Black "Anna Muzychuk"]
[WhiteElo "2303"]
[BlackElo "2580"]
[PlyCount "54"]

1. c4 f5 2. g3 Nf6 3. Bg2 g6 4. Nc3 Bg7 5. d3 d6 6. e4 Nc6
7. Nge2 O-O 8. O-O e5 9. Nd5 h6 10. Be3 Ng4 11. Bd2 Be6 12. b4
Qd7 13. b5 Nd8 14. exf5 Bxf5 15. Qb3 Ne6 16. Bb4 c6 17. bxc6
bxc6 18. Ne3 Nxe3 19. fxe3 Rab8 20. Qa3 c5 21. Bd2 Bg4 22. Nc3
Ng5 23. Ne4 Nf3+ 24. Kh1 Qf5 25. Nxd6 Qh5 26. Rxf3 Bxf3
27. Re1 Bxg2+ 0-1

[Event "Tradewise Gibraltar"]
[Site "Catalan Bay GIB"]
[Date "2012.01.25"]
[EventDate "2012.01.24"]
[Round "2.28"]
[Result "1-0"]
[White "Anna Muzychuk"]
[Black "Toomas Valgmae"]
[WhiteElo "2580"]
[BlackElo "2208"]
[PlyCount "99"]

1. e4 c6 2. d4 d5 3. Nc3 dxe4 4. Nxe4 Bf5 5. Ng3 Bg6 6. N1e2
Nf6 7. Nf4 e5 8. dxe5 Qxd1+ 9. Kxd1 Ng4 10. Nxg6 hxg6 11. Ke2
Nxe5 12. f4 Ng4 13. h3 Nf6 14. Kf3 Bc5 15. Bd2 O-O 16. b4 Rd8
17. Bd3 Bf8 18. Rhd1 Nbd7 19. Bf1 Nb6 20. c4 Rd7 21. Be1 Rad8
22. Rxd7 Rxd7 23. a4 a6 24. Be2 Be7 25. Nf1 Kf8 26. Ne3 Na8
27. f5 gxf5 28. Nxf5 Nc7 29. Bc3 Ne6 30. h4 g6 31. Nxe7 Kxe7
32. Ke3 Rd8 33. g4 Nd7 34. Bd3 Nf6 35. Be2 g5 36. Rf1 Nd7
37. hxg5 Nxg5 38. Rf5 Ne6 39. a5 Rg8 40. b5 axb5 41. cxb5 f6
42. a6 bxa6 43. bxc6 Nb8 44. Bxf6+ Kd6 45. Be5+ Kxc6 46. Bf3+
Kd7 47. Rf7+ Ke8 48. Rf6 Nc5 49. Bxb8 Nd7 50. Rc6 1-0

[Event "Tradewise Gibraltar"]
[Site "Catalan Bay GIB"]
[Date "2012.01.28"]
[EventDate "2012.01.24"]
[Round "5.30"]
[Result "0-1"]
[White "Manuel Fenollar Jorda"]
[Black "Anna Muzychuk"]
[WhiteElo "2360"]
[BlackElo "2580"]
[PlyCount "44"]

1. d4 Nf6 2. c4 e6 3. g3 c5 4. Nf3 cxd4 5. Nxd4 d5 6. Bg2 e5
7. Nc2 d4 8. O-O Nc6 9. b3 a5 10. Bb2 Bc5 11. Nd2 O-O 12. Ne4
Nxe4 13. Bxe4 Qb6 14. Ba3 Bxa3 15. Nxa3 Be6 16. f4 f5 17. Bd5
Rae8 18. fxe5 Bxd5 19. cxd5 Nxe5 20. Rc1 d3+ 21. Kg2 Qd6
22. Nc4 Nxc4 0-1

[Event "Tradewise Gibraltar"]
[Site "Catalan Bay GIB"]
[Date "2012.01.29"]
[EventDate "2012.01.24"]
[Round "6.21"]
[Result "1/2-1/2"]
[White "Anna Muzychuk"]
[Black "Alexis Cabrera"]
[WhiteElo "2580"]
[BlackElo "2504"]
[PlyCount "123"]

1. e4 e5 2. Nf3 Nc6 3. d4 exd4 4. Nxd4 Nf6 5. Nxc6 bxc6 6. e5
Qe7 7. Qe2 Nd5 8. Nd2 Qe6 9. Nf3 c5 10. Ng5 Qe7 11. Qe4 Nb6
12. Bd3 c4 13. Be2 h6 14. Nf3 d5 15. Qe3 c5 16. c3 g5 17. b3
Bf5 18. Ba3 Rc8 19. bxc4 Nxc4 20. Bxc4 dxc4 21. Nd2 Bd3
22. Ne4 Qb7 23. f3 Be7 24. Rd1 O-O 25. h4 Qd5 26. Nf2 Rcd8
27. hxg5 hxg5 28. Rh5 f5 29. Nxd3 cxd3 30. Rxg5+ Bxg5
31. Qxg5+ Kf7 32. Qxf5+ Ke7 33. Qh7+ Ke6 34. Qg6+ Kxe5
35. Qg5+ Ke6 36. Qxd5+ Rxd5 37. Kd2 Re5 38. Kxd3 Rd8+ 39. Kc2
Re2+ 40. Kc1 Rxd1+ 41. Kxd1 Rxa2 42. Bxc5 Kd5 43. Bd4 a5
44. g4 a4 45. Bg7 Rf2 46. g5 Rxf3 47. Kc2 Rf5 48. Kb2 Rxg5
49. Bd4 Kc4 50. Ka3 Rg2 51. Bf6 Rg1 52. Bd4 Rb1 53. Be5 Rb3+
54. Kxa4 Rb6 55. Ka3 Rb7 56. Bd4 Rb1 57. Ka2 Rb3 58. Be5 Rb7
59. Bd4 Rb8 60. Ka3 Rb1 61. Ka2 Rb3 62. Be5 1/2-1/2

[Event "Tradewise Gibraltar"]
[Site "Catalan Bay GIB"]
[Date "2012.01.30"]
[EventDate "2012.01.24"]
[Round "7.25"]
[Result "1/2-1/2"]
[White "Johann Carlos Alvarez Marquez"]
[Black "Anna Muzychuk"]
[WhiteElo "2398"]
[BlackElo "2580"]
[PlyCount "70"]

1. d4 Nf6 2. c4 e6 3. Nc3 Bb4 4. Qc2 O-O 5. a3 Bxc3+ 6. Qxc3
d5 7. Bg5 c5 8. cxd5 cxd4 9. Qxd4 Nc6 10. Qh4 exd5 11. Bxf6
gxf6 12. e3 d4 13. Bd3 f5 14. Nf3 Qxh4 15. Nxh4 Re8 16. O-O
dxe3 17. fxe3 Rxe3 18. Rad1 Ne7 19. Bxf5 Bxf5 20. Nxf5 Nxf5
21. Rxf5 Rae8 22. Rd7 R8e7 23. Rxe7 Rxe7 24. Kf2 Kg7 25. b4
Rc7 26. g4 Kg6 27. h4 Rc2+ 28. Kg3 Rc3+ 29. Rf3 Rxf3+ 30. Kxf3
f5 31. a4 fxg4+ 32. Kxg4 h5+ 33. Kf4 Kf6 34. Ke4 Ke6 35. Kf4
Kf6 1/2-1/2

[Event "28th European Club Cup (Women)"]
[Site "Eilat ISR"]
[Date "2012.10.11"]
[EventDate "2012.10.10"]
[Round "1"]
[Result "1/2-1/2"]
[White "Anna Muzychuk"]
[Black "Ekaterina Kovalevskaya"]
[WhiteElo "2587"]
[BlackElo "2405"]
[PlyCount "171"]

1. e4 c5 2. Nf3 Nc6 3. d4 cxd4 4. Nxd4 e5 5. Nb5 d6 6. c4 Be7
7. N1c3 a6 8. Na3 Nf6 9. Be2 O-O 10. Be3 Be6 11. O-O Rc8
12. Rc1 Nb8 13. Qd2 Nbd7 14. f3 h6 15. Rfd1 Ne8 16. g3 f5
17. exf5 Bxf5 18. Nd5 Ndf6 19. b4 Be6 20. Nb6 Rc6 21. c5 Qb8
22. Bc4 Nc7 23. cxd6 Rxd6 24. Qb2 Kh8 25. Qxe5 Nb5 26. Rxd6
Bxd6 27. Qxe6 Nxa3 28. Bf1 Bxb4 29. Rc8 Rxc8 30. Nxc8 Qc7
31. Bf4 Bc5+ 32. Kg2 Qd7 33. Qxd7 Nxd7 34. Bd3 b5 35. Bf5 Nb6
36. Nxb6 Bxb6 37. Bd3 Nc4 38. Bxc4 bxc4 39. Be5 Kg8 40. f4 Kf7
41. Kf3 g6 42. Ke4 Bg1 43. h3 h5 44. Bd4 Bh2 45. Kf3 h4 46. g4
Bg3 47. Bc3 Ke6 48. Ke4 Bh2 49. Bd2 Bg1 50. Be1 Bh2 51. Bxh4
c3 52. Be1 c2 53. Bd2 Bg3 54. Bc1 Bh4 55. Kd4 Bf2+ 56. Kc4 Kd6
57. a4 Ke6 58. Kd3 Kd5 59. Kxc2 Kd4 60. Bd2 Bg3 61. Kb3 Kd3
62. Bc1 Kd4 63. Kc2 Be1 64. Kd1 Bg3 65. Ke2 Ke4 66. Bd2 Bh4
67. Be1 Bd8 68. Bg3 Bc7 69. Kf2 Bb6+ 70. Kg2 Bd8 71. h4 Ba5
72. Bh2 Bd2 73. Kh3 Bc3 74. Bg3 Bd4 75. Kg2 Bc5 76. f5 gxf5
77. g5 f4 78. Be1 Bd4 79. Bf2 Be5 80. Bb6 f3+ 81. Kf2 Kf4
82. g6 Kg4 83. Bd8 Bd4+ 84. Ke1 Kh5 85. Bb6 Bf6 86. Kf2
1/2-1/2

[Event "28th European Club Cup (Women)"]
[Site "Eilat ISR"]
[Date "2012.10.13"]
[EventDate "2012.10.11"]
[Round "3"]
[Result "1/2-1/2"]
[White "Lilit Mkrtchian"]
[Black "Anna Muzychuk"]
[WhiteElo "2456"]
[BlackElo "2587"]
[PlyCount "110"]

1. c4 c5 2. Nf3 Nc6 3. Nc3 e5 4. g3 g6 5. Bg2 Bg7 6. O-O Nge7
7. Ne1 d6 8. Nc2 O-O 9. d3 Rb8 10. Rb1 Be6 11. b4 cxb4
12. Nxb4 Nxb4 13. Rxb4 d5 14. cxd5 Nxd5 15. Nxd5 Bxd5 16. Qa4
Bxg2 17. Kxg2 Qd5+ 18. f3 b5 19. Qxa7 Ra8 20. Qf2 Rfc8 21. a3
Bf8 22. Rb1 Rc2 23. Rb2 Rac8 24. Qe3 R8c3 25. Rxc2 Rxc2
26. Re1 b4 27. axb4 Bxb4 28. Rf1 Qa2 29. Qb6 Rxe2+ 30. Rf2 Qc2
31. Bh6 Rxf2+ 32. Qxf2 Qxd3 33. Qb2 Qc3 34. Qxc3 Bxc3 35. g4
f5 36. gxf5 gxf5 37. Be3 Kf7 38. Kf1 Bd4 39. Bd2 Kg6 40. Kg2
Bb2 41. Be3 Kf6 42. Kf1 Ke6 43. Ke2 Kd5 44. Kd3 e4+ 45. fxe4+
fxe4+ 46. Ke2 Ke5 47. h3 Bd4 48. Bd2 Kf5 49. Kf1 Bf6 50. Kg2
Bg5 51. Ba5 Bc1 52. Bc7 Bb2 53. Bg3 Bd4 54. Bc7 Be5 55. Ba5
Bd4 1/2-1/2

[Event "28th European Club Cup (Women)"]
[Site "Eilat ISR"]
[Date "2012.10.14"]
[EventDate "2012.10.11"]
[Round "4"]
[Result "0-1"]
[White "Olga Vasiliev"]
[Black "Anna Muzychuk"]
[WhiteElo "2240"]
[BlackElo "2587"]
[PlyCount "80"]

1. e4 e5 2. Nf3 Nc6 3. Bb5 a6 4. Ba4 Nf6 5. Qe2 Bd6 6. c3 O-O
7. O-O Re8 8. d3 h6 9. Nbd2 Bf8 10. Rd1 b5 11. Bc2 d5 12. Nf1
Bb7 13. Ng3 Nb8 14. a4 Nbd7 15. h3 g6 16. Nh2 h5 17. Bg5 c6
18. Nf3 Bg7 19. Qe3 Qc7 20. Nh4 Nf8 21. Bh6 Bh8 22. f4 dxe4
23. dxe4 exf4 24. Bxf4 Qc8 25. Qf2 c5 26. Bd6 Bxe4 27. Bxe4
Nxe4 28. Nxe4 Rxe4 29. axb5 Ne6 30. Rf1 Ng5 31. Rxa6 Rxa6
32. bxa6 Qxa6 33. Bxc5 Qe6 34. Nf3 Nxf3+ 35. Qxf3 Be5 36. Ra1
Bc7 37. Ra8+ Kh7 38. g3 Re1+ 39. Kf2 Rb1 40. Qe2 Qf5+ 0-1

[Event "28th European Club Cup (Women)"]
[Site "Eilat ISR"]
[Date "2012.10.16"]
[EventDate "2012.10.11"]
[Round "6"]
[Result "1-0"]
[White "Anna Muzychuk"]
[Black "Shlomit Vardi"]
[WhiteElo "2587"]
[BlackElo "2010"]
[PlyCount "67"]

1. e4 d6 2. Nc3 g6 3. f4 Bg7 4. Nf3 c6 5. d4 Nf6 6. Bd3 Qb6
7. O-O O-O 8. Kh1 Bg4 9. a3 Nbd7 10. h3 Bxf3 11. Qxf3 e5
12. dxe5 dxe5 13. f5 Qc7 14. g4 h6 15. Be3 Nh7 16. h4 g5
17. hxg5 hxg5 18. Kg2 Rfd8 19. Rh1 Ndf6 20. Rh3 b6 21. Rah1
Rab8 22. a4 Bf8 23. Rxh7 Nxh7 24. f6 Bg7 25. fxg7 Kxg7 26. Qf5
Nf8 27. Bxg5 Qd6 28. Bxd8 Rxd8 29. Ne2 Ng6 30. g5 Rh8 31. Rxh8
Nxh8 32. Ng3 Ng6 33. Nh5+ Kf8 34. Qc8+ 1-0

[Event "28th European Club Cup (Women)"]
[Site "Eilat ISR"]
[Date "2012.10.17"]
[EventDate "2012.10.11"]
[Round "7"]
[Result "0-1"]
[White "Marina Romanko Nechaeva"]
[Black "Anna Muzychuk"]
[WhiteElo "2365"]
[BlackElo "2587"]
[PlyCount "116"]

1. d4 f5 2. c4 Nf6 3. Nc3 e6 4. e3 g6 5. Bd3 Bg7 6. Nge2 d6
7. Bc2 O-O 8. b3 e5 9. dxe5 dxe5 10. Ba3 Re8 11. Nb5 Na6
12. O-O Be6 13. Qe1 c5 14. Rd1 Qe7 15. Qc3 Ng4 16. e4 Nb4
17. h3 Nh6 18. Bb1 Nf7 19. Qe1 f4 20. f3 Bf6 21. Nbc3 Bh4
22. Qd2 a5 23. Nd5 Qg5 24. Kh1 Rad8 25. Bc1 Nc6 26. Qb2 Qh6
27. g4 Rd7 28. Bd3 Nfd8 29. Kg2 Qf8 30. Nec3 Nd4 31. Nb5 N8c6
32. Nxd4 Nxd4 33. Bd2 Bd8 34. Be1 h5 35. Rh1 Rh7 36. Bf2 Qf7
37. Rdg1 b6 38. a3 Rf8 39. b4 axb4 40. axb4 Qd7 41. bxc5 bxc5
42. Be2 hxg4 43. hxg4 Bxg4 44. Rxh7 Qxh7 45. Rh1 Bh5 46. Ra1
Nxf3 47. Bxc5 Nd4 48. Bxh5 Qxh5 49. Bxd4 exd4 50. Qf2 f3+
51. Kg1 Bh4 52. Qh2 d3 53. Ne3 Qg5+ 54. Kh1 Qxe3 55. Qxh4 f2
56. Rf1 Qe2 57. Kg2 d2 58. Qg5 Qxf1+ 0-1

[Event "SportAccord World Mind Games (Women's Blindfold)"]
[Site "Beijing CHN"]
[Date "2012.12.19"]
[EventDate "2012.12.18"]
[Round "5.7"]
[Result "0-1"]
[White "Bela Khotenashvili"]
[Black "Anna Muzychuk"]
[WhiteElo "2504"]
[BlackElo "2586"]
[PlyCount "66"]

1. b3 e5 2. Bb2 d6 3. e3 g6 4. c4 Bg7 5. Nf3 f5 6. d4 e4
7. Nfd2 Nf6 8. Nc3 O-O 9. Be2 c5 10. d5 Qe7 11. Qc2 Nbd7
12. h3 a6 13. O-O-O b5 14. g4 Ne5 15. g5 Nh5 16. h4 f4
17. Ncxe4 f3 18. Bf1 Bf5 19. Bh3 bxc4 20. bxc4 Rab8 21. Bxf5
gxf5 22. Nc3 Rxb2 23. Kxb2 Rb8+ 24. Kc1 Qb7 25. Nb3 Qb4
26. Nb1 Nxc4 27. Rdg1 Ne5 28. Qxf5 c4 29. N3d2 Nd3+ 30. Kd1
Qa4+ 31. Nb3 cxb3 32. a3 Qc4 33. Kd2 Qc2# 0-1

[Event "SportAccord World Mind Games (Women's Blindfold)"]
[Site "Beijing CHN"]
[Date "2012.12.19"]
[EventDate "2012.12.18"]
[Round "7.6"]
[Result "0-1"]
[White "Monika (Bobrowska) Socko"]
[Black "Anna Muzychuk"]
[WhiteElo "2445"]
[BlackElo "2586"]
[PlyCount "94"]

1. d4 f5 2. Nf3 Nf6 3. g3 g6 4. Bg2 Bg7 5. O-O O-O 6. b3 d6
7. Bb2 Ne4 8. Nbd2 Nxd2 9. Qxd2 Nc6 10. c4 e5 11. dxe5 dxe5
12. Qd5+ Kh8 13. Qxd8 Rxd8 14. Ng5 Rd2 15. Bc3 Rc2 16. Bxc6
Rxc3 17. Bg2 Bf6 18. Nf3 e4 19. Ne1 Rxb3 20. axb3 Bxa1 21. Nc2
Bf6 22. f3 exf3 23. Bxf3 c6 24. e4 Kg7 25. Kg2 fxe4 26. Bxe4
Be6 27. Rd1 a5 28. Nd4 Bf7 29. Nf3 a4 30. bxa4 Rxa4 31. Rd7
Rxc4 32. Bd3 Rc3 33. h4 h5 34. Kf2 b5 35. Ke2 Kf8 36. Nd2 Be6
37. Rb7 Bd4 38. Ne4 Ra3 39. Ng5 Ra2+ 40. Ke1 Bc3+ 41. Kf1 Bd5
42. Ne4 Bd4 43. Nd6 Bg2+ 44. Ke1 Bc3+ 45. Kd1 Rd2+ 46. Kc1
Rxd3 47. Ne4 Bxe4 0-1

[Event "Tradewise Gibraltar"]
[Site "Catalan Bay GIB"]
[Date "2013.01.27"]
[EventDate "2013.01.22"]
[Round "6.20"]
[Result "1-0"]
[White "Anna Muzychuk"]
[Black "Stefan Kuipers"]
[WhiteElo "2582"]
[BlackElo "2431"]
[PlyCount "49"]

1. e4 e6 2. d4 d5 3. Nc3 Bb4 4. Ne2 dxe4 5. a3 Bxc3+ 6. Nxc3
e5 7. Be3 Bf5 8. dxe5 Nc6 9. Bb5 Ne7 10. Bc5 a6 11. Ba4 b5
12. Bb3 O-O 13. Qh5 Be6 14. O-O Bxb3 15. cxb3 Re8 16. Rad1 Qc8
17. Nxe4 Qe6 18. f4 Qxb3 19. f5 Qc4 20. e6 Ne5 21. Rd4 Qb3
22. Rb4 Qc2 23. Bxe7 Rxe7 24. Qg5 Kf8 25. f6 1-0

[Event "FIDE Women's Grand Prix Dilijan"]
[Site "Dilijan ARM"]
[Date "2013.06.28"]
[EventDate "2013.06.16"]
[Round "11"]
[Result "1/2-1/2"]
[White "Anna Muzychuk"]
[Black "Elina Danielian"]
[WhiteElo "2593"]
[BlackElo "2475"]
[PlyCount "76"]

1. e4 e6 2. d4 d5 3. Nc3 Bb4 4. e5 c5 5. a3 Bxc3+ 6. bxc3 Ne7
7. Qg4 Qc7 8. Qxg7 Rg8 9. Qxh7 cxd4 10. Ne2 Nbc6 11. f4 dxc3
12. h4 Bd7 13. h5 d4 14. h6 O-O-O 15. Qd3 a6 16. h7 Rh8
17. Rb1 Be8 18. g4 f6 19. exf6 Bg6 20. fxe7 Bxd3 21. exd8=Q+
Kxd8 22. cxd3 Rxh7 23. Bg2 Rxh1+ 24. Bxh1 Qh7 25. Be4 Qh4+
26. Kf1 Qh3+ 27. Kf2 Qh2+ 28. Bg2 Qh7 29. Rb6 Qxd3 30. Rxb7
Qc2 31. Bxc6 d3 32. Rd7+ Kc8 33. Rxd3 Qxd3 34. Bf3 c2 35. f5
exf5 36. g5 Qd6 37. Nf4 Qd4+ 38. Kg2 Qd1 1/2-1/2

[Event "Baku Open"]
[Site "Baku AZE"]
[Date "2013.09.19"]
[EventDate "2013.09.19"]
[Round "1.21"]
[Result "1/2-1/2"]
[White "Anna Muzychuk"]
[Black "Kanan Izzat"]
[WhiteElo "2585"]
[BlackElo "2347"]
[PlyCount "164"]

1. e4 e5 2. Nf3 Nf6 3. Nxe5 d6 4. Nf3 Nxe4 5. d4 d5 6. Bd3 Nc6
7. Nc3 Nxc3 8. bxc3 Be7 9. Rb1 O-O 10. O-O Rb8 11. h3 a6
12. Re1 b5 13. a4 bxa4 14. Ne5 Rxb1 15. Nxc6 Rxc1 16. Qxc1 Bg5
17. Qa3 Qd6 18. Qxd6 cxd6 19. Ra1 Bd7 20. Nb4 a5 21. Nxd5 Rb8
22. Ne3 Bxe3 23. fxe3 f5 24. Kf2 Kf7 25. Ke2 Kf6 26. Kd2 Kg5
27. g3 h5 28. Rg1 a3 29. Be2 h4 30. Bc4 Rb2 31. gxh4+ Kxh4
32. Rxg7 Ba4 33. Rg1 Rxc2+ 34. Kd3 Rh2 35. Be6 Bc2+ 36. Kc4 a2
37. Ra1 Bb1 38. Kd5 Kg3 39. Kxd6 Kf3 40. c4 Kxe3 41. c5 f4
42. c6 f3 43. Bxa2 Bxa2 44. c7 Rc2 45. Rxa2 Rc4 46. Ra3+ Ke2
47. Rxa5 f2 48. Re5+ Kd3 49. Rf5 Rxd4+ 50. Ke6 Rc4 51. Rxf2
Rxc7 52. h4 Ke4 53. Kf6 Rc6+ 54. Kg5 Rc1 55. Rf5 Rh1 56. Ra5
Rg1+ 57. Kf6 Rf1+ 58. Kg6 Rg1+ 59. Kh6 Kf4 60. h5 Rb1 61. Rg5
Rb6+ 62. Rg6 Rb5 63. Rg1 Rb7 64. Kg6 Rb6+ 65. Kh7 Kf5 66. h6
Rb7+ 67. Rg7 Rb6 68. Rg8 Rb7+ 69. Kh8 Kf6 70. Rg7 Rb8+ 71. Kh7
Ra8 72. Rb7 Rc8 73. Rb6+ Kg5 74. Rb5+ Kf6 75. Rb7 Ra8 76. Rg7
Rb8 77. Rg6+ Kf5 78. Rg8 Rb7+ 79. Kh8 Kf6 80. h7 Ra7 81. Rc8
Kf7 82. Rb8 Rc7 1/2-1/2